Pink Floyd Opening Lyrics - Statistics

General Stats
  • This quiz has been taken 414 times
  • The average score is 12 of 20
Answer Stats
Lyrics Songs % Correct
Ticking away the moments that make up a dull day. Fritter and waste the hours in an off-hand way Time
95%
So, so you think you can tell Heaven from Hell Wish You Were Here
95%
_____, get away! Get a good job with more pay and you're O.K. Money
92%
Hello, is there anybody in there? Comfortably Numb
91%
The lunatic is on the grass. The lunatic is on the grass. Brain Damage
90%
All that you touch, and all that you see Eclipse
85%
Come in here, dear boy, ____ _ _____. Have a Cigar
81%
Daddy's flown across the ocean, leaving just a memory. Another Brick in the Wall Part 1
77%
You've got to be crazy. Gotta have a real need. Dogs
75%
Does anybody here remember ____ Lynn? Vera
75%
Good morning, the worm your honor. The Trial
68%
Mother loves her baby, and daddy loves you too. The Thin Ice
61%
Beyond the horizon of the place we live when were young, in a world of magnets and miracles. High Hopes
49%
Into the distance, a ribbon of black. Learning to Fly
49%
Through the fish-eyed lens of tear-stained eyes, I can barely define the shape of this moment in time. The Final Cut
38%
Floating down, through the cloud. Memories come rushing up to meet me now. The Gunner's Dream
27%
Where were you when I was burned and broken? Coming Back to Life
25%
Brezhnev took Afghanistan and Begin took Beruit. Get Your Filthy Hands Off My Desert
25%
From morning to night, I stayed out of sight. Wearing the Inside Out
21%
One sound, one single sound. One kiss, one single kiss Yet Another Movie
16%
No matching quizzes found
Score Distribution
Percent of People with Each Score
Percentile by Number Answered
Your Score History
You have not taken this quiz